[Event "94th Tradewise Hastings Congress"]
[Site "Hastings"]
[Date "2018.12.28"]
[Round "1"]
[White "Ruane, Brendan J"]
[Black "Rayner, Francis"]
[Result "1/2-1/2"]
[WhiteElo "1870"]
[BlackElo "2048"]
[Annotator "NA"]
[PlyCount "84"]
[EventDate "2018.12.28"]
[EventType "swiss"]
[EventCountry "ENG"]
[TimeControl "40/6000+30:3000+30"]

1. e4 {[%emt 0:00:00]} c5 {[%emt 0:00:02]} 2. Nf3 {[%emt 0:00:00]} d6 {[%emt 0:00:31]} 3. g3 {[%emt 0:00:08]} Nc6 {[%emt 0:02:07]} 4. Bg2 {[%emt 0:00:29]} g6 {[%emt 0:00:55]} 5. d3 {[%emt 0:00:42]} Bg7 {[%emt 0:00:10]} 6. c3 {[%emt 0:01:03]} e5 {[%emt 0:04:39]} 7. O-O {[%emt 0:00:36]} Nge7 {[%emt 0:01:52]} 8. Re1 {[%emt 0:00:21]} O-O {[%emt 0:00:41]} 9. a3 {[%emt 0:00:12]} h6 {[%emt 0:06:09]} 10. b4 {[%emt 0:02:18]} a6 {[%emt 0:02:26]} 11. Ra2 {[%emt 0:04:50]} Be6 {[%emt 0:01:58]} 12. Rd2 {[%emt 0:01:20]} cxb4 {[%emt 0:12:10]} 13. axb4 {[%emt 0:02:13]} d5 {[%emt 0:02:37]} 14. Na3 {[%emt 0:06:18]} Qc7 {[%emt 0:07:51]} 15. Bb2 {[%emt 0:02:34]} Rfd8 {[%emt 0:05:10]} 16. Qe2 {[%emt 0:11:23]} d4 {[%emt 0:05:14]} 17. Rc2 {[%emt 0:06:09]} Qd7 {[%emt 0:04:32]} 18. Rd1 {[%emt 0:11:40]} Bb3 {[%emt 0:03:27]} 19. Nc4 {[%emt 0:00:37]} Qc7 {[%emt 0:06:16]} 20. cxd4 {[%emt 0:03:36]} Bxc2 {[%emt 0:01:12]} 21. Qxc2 {[%emt 0:00:10]} exd4 {[%emt 0:00:53]} 22. Qb3 {[%emt 0:02:52]} b5 {[%emt 0:02:33]} 23. Ncd2 {[%emt 0:00:12]} Qd6 {[%emt 0:01:04]} 24. e5 {[%emt 0:01:05]} Qxb4 {[%emt 0:02:38]} 25. Qa2 {[%emt 0:01:54]} Rac8 {[%emt 0:04:36]} 26. Qa1 {[%emt 0:08:03]} Nd5 {[%emt 0:08:25]} 27. e6 {[%emt 0:01:05]} fxe6 {[%emt 0:01:42]} 28. Nh4 {[%emt 0:02:44]} g5 {[%emt 0:04:50]} 29. Ng6 {[%emt 0:00:21]} Nc3 {[%emt 0:02:09]} 30. Re1 {[%emt 0:03:09]} Kf7 {[%emt 0:06:25]} 31. Bxc6 {[%emt 0:06:38]} Rxc6 {[%emt 0:00:36]} 32. Ne5+ {[%emt 0:00:07]} Bxe5 {[%emt 0:00:15]} 33. Rxe5 {[%emt 0:00:08]} Qd6 {[%emt 0:03:11]} 34. f4 {[%emt 0:01:25]} gxf4 {[%emt 0:00:51]} 35. gxf4 {[%emt 0:03:53]} Rg8+ {[%emt 0:00:14]} 36. Kf2 {[%emt 0:00:58]} Rg4 {[%emt 0:01:48]} 37. Kf3 {[%emt 0:01:04]} h5 {[%emt 0:01:39]} 38. h3 {[%emt 0:00:20]} Rxf4+ {[%emt 0:03:55]} 39. Kxf4 {[%emt 0:00:25]} Nd5+ {[%emt 0:00:29]} 40. Ke4 {[%emt 0:00:41]} Nf6+ {[%emt 0:00:04]} 41. Kf4 {[%emt 0:50:28]} Nd5+ {[%emt 0:50:30]} 42. Ke4 {[%emt 0:00:16]} Nf6+ {[%emt 0:01:16]} 1/2-1/2

[Event "94th Tradewise Hastings Congress"]
[Site "Hastings"]
[Date "2018.12.28"]
[Round "1"]
[White "Rahulan, Thivyaa"]
[Black "Rice, Chris B"]
[Result "1/2-1/2"]
[WhiteElo "1814"]
[BlackElo "1963"]
[Annotator "NA"]
[PlyCount "45"]
[EventDate "2018.12.28"]
[EventType "swiss"]
[EventCountry "ENG"]
[TimeControl "40/6000+30:3000+30"]

1. e4 {[%emt 0:00:00]} e5 {[%emt 0:00:12]} 2. Nf3 {[%emt 0:00:00]} Nc6 {[%emt 0:00:17]} 3. Bc4 {[%emt 0:00:01]} Nf6 {[%emt 0:00:19]} 4. d3 {[%emt 0:00:36]} Be7 {[%emt 0:00:28]} 5. O-O {[%emt 0:01:55]} O-O {[%emt 0:00:16]} 6. Re1 {[%emt 0:03:07]} d6 {[%emt 0:01:20]} 7. c3 {[%emt 0:01:49]} Na5 {[%emt 0:00:41]} 8. Bb5 {[%emt 0:00:15]} a6 {[%emt 0:00:18]} 9. Ba4 {[%emt 0:00:08]} b5 {[%emt 0:00:09]} 10. Bc2 {[%emt 0:00:07]} c5 {[%emt 0:00:16]} 11. Nbd2 {[%emt 0:02:17]} Re8 {[%emt 0:00:42]} 12. Nf1 {[%emt 0:03:47]} h6 {[%emt 0:00:15]} 13. Bd2 {[%emt 0:03:33]} Bf8 {[%emt 0:18:53]} 14. a4 {[%emt 0:06:17]} Bb7 {[%emt 0:02:03]} 15. Ng3 {[%emt 0:00:30]} Nc6 {[%emt 0:12:07]} 16. axb5 {[%emt 0:09:30]} axb5 {[%emt 0:00:16]} 17. Qe2 {[%emt 0:15:16]} Qd7 {[%emt 0:04:11]} 18. d4 {[%emt 0:11:28]} c4 {[%emt 0:27:21]} 19. d5 {[%emt 0:02:30]} Ne7 {[%emt 0:00:42]} 20. Nh4 {[%emt 0:04:03]} Qg4 {[%emt 0:01:23]} 21. Qxg4 {[%emt 0:02:51]} Nxg4 {[%emt 0:00:06]} 22. h3 {[%emt 0:01:31]} Nf6 {[%emt 0:00:45]} 23. Be3 {[%emt 0:06:46]} 1/2-1/2